| 000 | 00634nam a2200181Ia 4500 | ||
|---|---|---|---|
| 008 | 090630s9999 xx 000 0 und d | ||
| 082 | _b9970 | ||
| 100 | _aमाडगुळकर ग. दि. | ||
| 245 |
_aलपलेला ओघ. _cमाडगुळकर ग. दि. |
||
| 260 |
_bकुळकर्णी ग्रंथाकार - पुणे. _c1961 |
||
| 300 | _a89 | ||
| 600 | _aमाडगुळकर ग. दि. | ||
| 630 | _aलपलेला ओघ. | ||
| 655 | _aबालवाङमय. | ||
| 700 | _aमाडगुळकर ग. दि. | ||
| 730 | _aलपलेला ओघ. | ||
| 942 | _cBOOK | ||
| 999 |
_c261826 _d261826 |
||